| 000 | 00986nam0a22002891 4500 | ||
|---|---|---|---|
| 001 | v19\rc\1585143 | ||
| 005 | 20250618212714.0 | ||
| 035 | _a(NLR Aleph) 004711079 | ||
| 090 |
_a4201193 _c4201193 |
||
| 100 | _a20061002e18941894|||y0rusy50 ca | ||
| 101 | 0 | _arus | |
| 102 | _aRU | ||
| 105 | _ay z ||||| | ||
| 200 | 1 |
_aКрупное землевладение в Уманском и Звенигородском уездах _fX.Y.Z. |
|
| 210 |
_aКиев _cт-во И.Н. Кушнерев и К° в Москве, Киев. отд-ние _d1894 |
||
| 215 |
_a56 с. _d17 |
||
| 311 | _aОтт. из газ. "Киевлянин". 1894 г., № 189, 194 и 196 | ||
| 488 | 0 |
_12001#$aКиевлянин$v1894, № 189, 194, 196 _tКиевлянин |
|
| 701 | 0 | _aX. Y. Z. | |
| 801 | 0 |
_aRU _bNLR _gpsbo |
|
| 801 | 0 |
_aRU _bRuMoRGB _2psbo |
|
| 801 | 1 |
_aRU _bProSoft-M _2rusmarc |
|
| 852 |
_aNLR _j18.231.6.105 |
||
| 899 |
_aRuMoRGB _jA 227/1099 |
||
| 899 | _aБАН | ||
| 942 | _cBOOK | ||
| 980 | _aNB | ||